000 00300nam a22001217a 4500
999 _c6042
_d6042
245 _aCompanies Act, 1963, (ACT 179)
_cby Republic of Ghana
246 _aACT 179
260 _aAccra
_bAssembly Press
300 _avarious paging
440 _aActs of Parliament
650 _aCompanies Act
942 _cREF